Vector and tensor analysis

Saved in:
Bibliografiske detaljer
Hovedforfatter: Brand, Louis (Author)
Format: Bog
Sprog:engelsk
Udgivet: Nueva York Wiley 1947
Fag:
Tags: Tilføj Tag
Ingen Tags, Vær først til at tagge denne postø!

MARC

LEADER 00000nam a2200000 a 4500
001 UCX1351
003 CL-VaPUC
008 900806e19470000US |||||||||||||||||eng|d
082 0 4 |a 515.63  |b BRA  |2 21 
100 0 |a Brand, Louis  |e author  |9 316831 
245 1 0 |a Vector and tensor analysis 
300 |a 439 p 
942 |c BK 
945 |d 19900806 00:00:00 
260 |a Nueva York  |b Wiley  |c 1947 
650 0 |a Análisis vectorial   |9 260451 
650 7 |a CALCULO DE TENSORES  |2 CL-VaPUC  |9 260219 
583 |a last modification  |c 19900806 00:00:00  |k Rodrigo Vera 
999 |c 222607  |d 222605